000 01164cam a2200361 4500
001 25879
005 20230410120948.0
008 060907n2010 nyu eng
010 _a 2010481249
035 _a(OCoLC)ocn435418561
040 _aBTCTA
_cBTCTA
_dDLC
_dYDXCP
_dBKL
_dEINCP
_dMIA
_dVP@
_dBKX
020 _a0465019439
020 _a9780465019434
029 1 _aAU@
_b000045586288
029 1 _aNZ1
_b13396112
035 _a(OCoLC)435418561
042 _alccopycat
050 1 4 _aJC 585
_bM676l 2010
082 0 0 _a320.512
100 1 _aMiron, Jeffrey A.
245 1 0 _aLibertarianism, from A to Z /
_cJeffrey A. Miron.
260 _aNew York :
_bBasic Books,
_cc2010.
300 _axix, 198 p. ;
_c22 cm.
650 0 _aLiberty
650 0 _aLibertarianism
856 4 2 _3Contributor biographical information
_uhttp://www.loc.gov/catdir/enhancements/fy1012/2010481249-b.html
856 4 2 _3Publisher description
_uhttp://www.loc.gov/catdir/enhancements/fy1012/2010481249-d.html
938 _aBaker and Taylor
_bBTCP
_nBK0008538428
938 _aYBP Library Services
_bYANK
_n3191566
942 _2lcc
_cbk
946 _aYSL
994 _aC0
_bDRFGD
999 _c55222
_d55222